00212nam a22000977a 4500003000400000082001800004100002200022245003200044260003000076300000800106SGT a617.643bE96E aEnlow, Donald H.  aEssentials of Facial Growth bW. B. Saunders Co. c1996 a303